000 00823nac a22002417a 4500
001 BR8806370
003 BR-BrBNA
005 20240105120846.0
008 230509b bl.|||m| |||| 00| 0 por d
040 _aBR-BrBNA
_bpor
_cBiblioteca Nacional de Agricultura
072 _aE14
090 _aE14 BR8806370
110 1 _aComissao Estadual de Planejamento Agricola, Manaus, AM (Brasil)
_92054
245 1 _aRelatorio trimestral julho/setembro - 1984 [Comissao Estadual de Planejamento Agricola]
260 3 _aManaus, AM (Brasil):
_c1984.
300 _a17 p.
490 _aRelatorio Trimestral - Comissao Estadual de Planejamento Agricola (Brazil)
_v
_x
650 _aPLANEJAMENTO AGRICOLA
650 _aCONTABILIDADE
650 _aAMAZONAS
909 _a202312
_bLúcia Elande
_c55
_dLúcia Elande
942 _2AGRIS
_n0
_cMS
999 _c281832
_d281832